000 01326nam0a2200361 4500
001 RU\NLR\bibl\1727029
005 20250616074242.0
010 _a978-5-386-02661-5
_92000
021 _aRU
_b2010-101849
_96885
035 _a(NLR Aleph) 001717995
090 _a1321713
_c1321713
100 _a20110126d2011 |||y0rusy50 ca
101 0 _arus
102 _aRU
105 _aa |||||||||
200 1 _aМысли и изречения великих. О Вселенной и Времени
_fсост.: А.П. Кондрашов
210 _aМосква
_cРипол классик
_d2011
215 _a[1], 524, [1] с.
_cил.
_d20
225 1 _aКниги мудрости
320 _aУказ. имен: с. 466-523
606 1 _aПрирода
_xФилософские вопросы
_xАфоризмы
_92612506
_3RU\NLR\auth\661549064
606 1 _aВремя
_xФилософские вопросы
_xАфоризмы
_92611298
_3RU\NLR\auth\661547856
686 _aЮ252
_bБ,0я48
686 _aЮ212.132я48
702 1 _aКондрашов
_bА. П.
_gАнатолий Павлович
_4220
801 0 _aRU
_bNLR
_c20110126
_gRCR
801 1 _aRU
_bNLR
_c20110126
830 _aсост. по кн.
942 _cBOOK
980 _aNB
980 _aNBR